Construction materials (Record no. 3506)

000 -LEADER
fixed length control field 00497nam a22002057a 4500
001 - CONTROL NUMBER
control field 3506
003 - CONTROL NUMBER IDENTIFIER
control field BD-DhUET
008 - FIXED-LENGTH DATA ELEMENTS--GENERAL INFORMATION
fixed length control field 0
020 ## - INTERNATIONAL STANDARD BOOK NUMBER
International Standard Book Number 0419154701
040 ## - CATALOGING SOURCE
Transcribing agency 0
Modifying agency BD-DhUET
082 ## - DEWEY DECIMAL CLASSIFICATION NUMBER
Classification number 620.136
Item number ILL/1994
100 ## - MAIN ENTRY--PERSONAL NAME
Personal name Illston, J. M.
245 ## - TITLE STATEMENT
Title Construction materials
Remainder of title their nature and behavior
250 ## - EDITION STATEMENT
Edition statement 1st ed.
260 ## - PUBLICATION, DISTRIBUTION, ETC. (IMPRINT)
Place of publication, distribution, etc. London
Name of publisher, distributor, etc. E & FN Spon
Date of publication, distribution, etc. 1994
300 ## - PHYSICAL DESCRIPTION
Extent xxiii, 517 p.
Other physical details ill.
Dimensions 20 cm.
504 ## - BIBLIOGRAPHY, ETC. NOTE
Bibliography, etc Includes bibliographies
650 #0 - SUBJECT ADDED ENTRY--TOPICAL TERM
Topical term or geographic name as entry element Concrete-Engineering
942 ## - ADDED ENTRY ELEMENTS (KOHA)
Koha item type General Book
Holdings
Koha issues (times borrowed) Copy number Withdrawn status Damaged status Koha date last seen Koha renewals Koha date last borrowed Location (home branch) Shelving location Koha item type Piece designation (barcode) Source of classification or shelving scheme Sublocation or collection (holding branch) Koha full call number Price effective from Date acquired Koha normalized classification for sorting Not for loan Lost status
11  2021-06-30 2015-03-04Central Library, BUETCirculation sectionGeneral Book92490 Central Library, BUET620.136/ILL/19942014-11-012014-11-01620_136000000000000_ILL_1994  
 2  2014-11-01  Central Library, BUETCirculation sectionGeneral Book92503 Central Library, BUET620.136/ILL/19942014-11-012014-11-01620_136000000000000_ILL_1994  
13  2021-08-28 2021-08-28Central Library, BUETCirculation sectionGeneral Book92499 Central Library, BUET620.136/ILL/19942014-11-012014-11-01620_136000000000000_ILL_1994  
 4  2016-03-122 Central Library, BUETCirculation sectionGeneral Book92494 Central Library, BUET620.136/ILL/19942014-11-012014-11-01620_136000000000000_ILL_1994  
 5  2014-11-01  Central Library, BUETCirculation sectionGeneral Book92501 Central Library, BUET620.136/ILL/19942014-11-012014-11-01620_136000000000000_ILL_1994  
16  2024-09-14 2024-09-07Central Library, BUETCirculation sectionGeneral Book92486 Central Library, BUET620.136/ILL/19942014-11-012014-11-01620_136000000000000_ILL_1994  
 7  2015-06-14  Central Library, BUETReading sectionReading Item92484 Central Library, BUET620.136/ILL/19942015-06-142015-06-14620_136000000000000_ILL_1994